[Event "LLHH 1920 SK Johanneum Eppendorf - Hamb"]
[Site "?"]
[Date "2021.08.21"]
[Round "8.3"]
[White "Juergens, Bernhard"]
[Black "Schroeder, Christoph"]
[Result "1/2-1/2"]
[WhiteElo "2135"]
[BlackElo "2166"]
[PlyCount "47"]
[EventDate "2021.??.??"]

1. f4 c5 2. Nf3 g6 3. g3 Bg7 4. Bg2 Nc6 5. O-O Nf6 6. d3 d5 7. Qe1 d4 8. Na3
Nd5 9. Bd2 O-O 10. c3 h6 11. Nc2 Be6 12. c4 Nc7 13. b4 cxb4 14. Nxb4 Nxb4 15.
Bxb4 Na6 16. Ba3 Rb8 17. Rb1 Re8 18. Nh4 Qc8 19. f5 gxf5 20. Qf2 b6 21. Nxf5
Bxf5 22. Qxf5 Qxf5 23. Rxf5 e6 24. Rfb5 1/2-1/2

[Event "LLHH 1920 SK Johanneum Eppendorf - Hamb"]
[Site "?"]
[Date "2021.08.21"]
[Round "8.4"]
[White "Zart, Ruediger"]
[Black "Posske, Thore"]
[Result "1-0"]
[WhiteElo "2116"]
[BlackElo "2030"]
[PlyCount "85"]
[EventDate "2021.??.??"]

1. e4 c6 2. d4 d5 3. Nd2 dxe4 4. Nxe4 Bf5 5. Ng3 Bg6 6. h4 h6 7. Nf3 Nd7 8. h5
Bh7 9. Bd3 Bxd3 10. Qxd3 e6 11. Bf4 Qa5+ 12. Bd2 Qc7 13. O-O-O O-O-O 14. Rh4
Ngf6 15. Bf4 Qa5 16. Kb1 Nc5 17. Qc4 b5 18. Qe2 Na4 19. Bd2 Qc7 20. Ne5 Qb7 21.
b3 Ba3 22. Qf3 Nd5 23. Nxc6 Qxc6 24. bxa4 b4 25. Ne4 Rd7 26. Nc5 Rhd8 27. Nxd7
Rxd7 28. Qb3 Rc7 29. Rh3 a5 30. Rg3 f6 31. Re1 Qd6 32. f4 f5 33. Rg6 Re7 34.
Re5 Kd8 35. Rxf5 Nb6 36. Qd3 Qc6 37. Rc5 Qxa4 38. Qa6 b3 39. Qxb6+ Ke8 40. Qb5+
Qxb5 41. Rxb5 bxc2+ 42. Kxc2 Rc7+ 43. Kb3 1-0

[Event "LLHH 1920 SK Johanneum Eppendorf - Hamb"]
[Site "?"]
[Date "2021.08.21"]
[Round "8.5"]
[White "Groetzbach, Daniel"]
[Black "Behrhorst, Frank"]
[Result "1/2-1/2"]
[WhiteElo "2066"]
[BlackElo "2231"]
[PlyCount "52"]
[EventDate "2021.??.??"]

1. e4 Nf6 2. e5 Nd5 3. d4 d6 4. c4 Nb6 5. exd6 exd6 6. Nc3 Be7 7. Bd3 Nc6 8.
Be3 O-O 9. a3 d5 10. cxd5 Nxd5 11. Bxh7+ Kxh7 12. Qh5+ Kg8 13. Qxd5 Be6 14. Qe4
Bf6 15. Nge2 Bb3 16. O-O Re8 17. Qf4 Qe7 18. Nc1 Bc4 19. Rd1 Rad8 20. N1e2 Bb3
21. Rd2 Na5 22. Ng3 Nc4 23. Re2 Nxe3 24. fxe3 Bg5 25. Qe4 Qd7 26. Qf3 Be6
1/2-1/2

[Event "LLHH 1920 SK Johanneum Eppendorf - Hamb"]
[Site "?"]
[Date "2021.08.21"]
[Round "8.6"]
[White "Johannsen, Dennis"]
[Black "Baberz, Alexander"]
[Result "1/2-1/2"]
[WhiteElo "2126"]
[BlackElo "1982"]
[PlyCount "49"]
[EventDate "2021.??.??"]

1. c4 Nf6 2. g3 e6 3. Bg2 d5 4. Nf3 c5 5. cxd5 exd5 6. d4 Nc6 7. O-O Qb6 8.
dxc5 Bxc5 9. Nc3 Ne4 10. e3 Nxc3 11. bxc3 Be6 12. Ng5 Ne7 13. Nxe6 Qxe6 14. Rb1
b6 15. c4 Rd8 16. cxd5 Nxd5 17. Bb2 Nc3 18. Qxd8+ Kxd8 19. Bxc3 Ke7 20. Bxg7
Rc8 21. Rfd1 f6 22. Bh6 Rd8 23. Rxd8 Kxd8 24. Rd1+ Ke7 25. Rd5 1/2-1/2

[Event "LLHH 1920 SK Johanneum Eppendorf - Hamb"]
[Site "?"]
[Date "2021.08.21"]
[Round "8.7"]
[White "Salenko, Vadim"]
[Black "Wenzel, Birger"]
[Result "0-1"]
[WhiteElo "1987"]
[BlackElo "2034"]
[PlyCount "50"]
[EventDate "2021.??.??"]

1. d4 Nf6 2. Nf3 e6 3. e3 d5 4. Bd3 Bd6 5. Ne5 O-O 6. Nd2 c5 7. c3 Qc7 8. f4 b6
9. O-O Ba6 10. Qe2 Bxd3 11. Qxd3 Nc6 12. Rf3 Ne7 13. Rh3 g6 14. g4 Bxe5 15.
fxe5 Nxg4 16. e4 f5 17. exd5 Nxd5 18. Nf3 cxd4 19. cxd4 Rac8 20. Bd2 Qc2 21.
Ng5 Nf4 22. Bxf4 Qf2+ 23. Kh1 Qxf4 24. Nxe6 Nf2+ 25. Kg2 Nxd3 0-1

[Event "LLHH 1920 SK Johanneum Eppendorf - Hamb"]
[Site "?"]
[Date "2021.08.21"]
[Round "8.8"]
[White "Keyser, Robin"]
[Black "Garner, Isaac"]
[Result "0-1"]
[WhiteElo "2070"]
[BlackElo "2120"]
[PlyCount "66"]
[EventDate "2021.??.??"]

1. d4 d5 2. c4 e6 3. Nf3 Nf6 4. g3 Be7 5. Bg2 O-O 6. Qc2 c5 7. dxc5 Qa5+ 8. Bd2
Qxc5 9. O-O Nc6 10. Na3 d4 11. Rab1 Qh5 12. Nb5 e5 13. Ng5 h6 14. Bf3 Bg4 15.
Bxg4 Qxg4 16. f3 Qd7 17. Ne4 Nxe4 18. Qxe4 Rfd8 19. f4 a6 20. Na3 f5 21. Qd5+
Qxd5 22. cxd5 Rxd5 23. Nc4 Rf8 24. Nb6 Rdd8 25. fxe5 Bc5 26. Nc4 b5 27. Nd6 d3+
28. e3 Nxe5 29. Nb7 Nc4 30. Nxc5 Nxd2 31. Ne6 Nxb1 32. Rxb1 Rc8 33. Nxf8 d2 0-1

[Event "LLHH 1920 SC Königsspringer II - TV Fis"]
[Site "?"]
[Date "2021.08.21"]
[Round "8.1"]
[White "Serrer, Christoph"]
[Black "Harder, Clemens"]
[Result "1/2-1/2"]
[WhiteElo "2283"]
[BlackElo "2154"]
[PlyCount "55"]
[EventDate "2021.??.??"]

1. d4 d5 2. Bf4 Nf6 3. e3 Bf5 4. c4 c6 5. Nc3 Nbd7 6. Qb3 Qb6 7. Nf3 dxc4 8.
Bxc4 Qxb3 9. Bxb3 e6 10. Nh4 Bd3 11. O-O-O Ba6 12. Nf3 Bb4 13. Kc2 Bxc3 14.
bxc3 Ne4 15. Bg3 Nxg3 16. hxg3 Ke7 17. Rh4 h6 18. Kb2 Nf6 19. Bc2 Rac8 20. Ne5
Nd7 21. Nxd7 Kxd7 22. Bd3 Bxd3 23. Rxd3 b6 24. e4 Ke7 25. Rh1 Rhd8 26. Rhd1 Rc7
27. f4 h5 28. Rh1 1/2-1/2

[Event "LLHH 1920 SC Königsspringer II - TV Fis"]
[Site "?"]
[Date "2021.08.21"]
[Round "8.2"]
[White "Cremer, Jochen"]
[Black "de Voogt, Juergen"]
[Result "0-1"]
[WhiteElo "2111"]
[BlackElo "2228"]
[PlyCount "82"]
[EventDate "2021.??.??"]

1. c4 g6 2. g3 Bg7 3. Bg2 Nc6 4. Nc3 e5 5. e3 d6 6. Nge2 Bg4 7. h3 Be6 8. d4
Bxc4 9. d5 Bxe2 10. Qxe2 Nb8 11. Qb5+ Nd7 12. Qxb7 Qb8 13. Qxb8+ Rxb8 14. O-O
f5 15. e4 Bh6 16. exf5 Bxc1 17. Raxc1 gxf5 18. Na4 Kd8 19. f4 e4 20. g4 Ngf6
21. gxf5 Rb4 22. Nc3 Rxb2 23. Rf2 Rxf2 24. Kxf2 Nc5 25. Rb1 Kd7 26. Bf1 Rg8 27.
Bb5+ Ke7 28. Be2 h5 29. Bc4 h4 30. Ne2 Nh5 31. Ke3 Kf6 32. Bb5 Ng3 33. Nd4
Nxf5+ 34. Nxf5 Kxf5 35. Bf1 Rg3+ 36. Kf2 Kxf4 37. Rb8 Ra3 38. Rf8+ Ke5 39. Rf7
Kd4 40. Rxc7 Rxa2+ 41. Kg1 a5 0-1

[Event "LLHH 1920 SC Königsspringer II - TV Fis"]
[Site "?"]
[Date "2021.08.21"]
[Round "8.7"]
[White "Schwarzkopf, Joerg"]
[Black "Goetz, Claus"]
[Result "1/2-1/2"]
[WhiteElo "1838"]
[BlackElo "1911"]
[PlyCount "72"]
[EventDate "2021.??.??"]

1. e4 c5 2. c3 d5 3. exd5 Qxd5 4. d4 Nc6 5. Nf3 Bf5 6. Be3 Nf6 7. Be2 cxd4 8.
cxd4 e6 9. O-O Be7 10. Nc3 Qd8 11. Qb3 O-O 12. Qxb7 Nb4 13. Ne5 Bd6 14. Rfd1 a5
15. Nc6 Nxc6 16. Qxc6 Rc8 17. Qa4 Bg4 18. f3 Bf5 19. Rac1 Rb8 20. Nb5 Nd5 21.
Bf2 Bf4 22. Rc5 Qg5 23. Qa3 Be3 24. Bf1 Rfc8 25. Nd6 Rxc5 26. dxc5 Bh3 27. Ne4
Bxf2+ 28. Kxf2 Rxb2+ 29. Ke1 Qe5 30. Qxa5 f5 31. Qd8+ Kf7 32. Rxd5 exd5 33.
Qd7+ Kf8 34. Qd8+ Kf7 35. Qd7+ Kf8 36. Qd8+ Kf7 1/2-1/2

[Event "LLHH 1920 SK Weisse Dame - FC St. Pauli"]
[Site "?"]
[Date "2021.08.21"]
[Round "8.1"]
[White "Trisic, Aleksandar"]
[Black "Popist, Florian"]
[Result "1-0"]
[WhiteElo "2352"]
[BlackElo "2077"]
[PlyCount "83"]
[EventDate "2021.??.??"]

1. d4 d5 2. c4 e6 3. Nc3 Be7 4. cxd5 exd5 5. Bf4 c6 6. e3 Bf5 7. g4 Be6 8. h4
Nd7 9. h5 h6 10. Bd3 Ngf6 11. f3 Nb6 12. Nge2 Bd6 13. Kf2 Nc4 14. Qc2 Qe7 15.
b3 Bxf4 16. exf4 Nb6 17. a4 a5 18. Qd2 O-O-O 19. Rac1 Rde8 20. f5 Bd7 21. Nb5
Nc4 22. bxc4 cxb5 23. cxd5+ Kb8 24. Qf4+ Ka8 25. d6 Qd8 26. axb5 Nd5 27. Qd2
Kb8 28. Rc5 Nb4 29. Be4 Bc8 30. Qf4 Rxe4 31. Qxe4 Re8 32. Re5 Rf8 33. Kg2 Qxd6
34. Rc1 Bd7 35. Re7 Nd5 36. Re5 Nb4 37. Nc3 Rd8 38. Re7 f6 39. Re1 a4 40. Nxa4
Nd5 41. Nc5 Nxe7 42. Qxb7# 1-0

[Event "LLHH 1920 SK Weisse Dame - FC St. Pauli"]
[Site "?"]
[Date "2021.08.21"]
[Round "8.2"]
[White "Mandelbaum, Peter-Rene"]
[Black "Perez De Miguel, Alvaro"]
[Result "0-1"]
[WhiteElo "2076"]
[BlackElo "2297"]
[PlyCount "50"]
[EventDate "2021.??.??"]

1. e4 c6 2. Nc3 d5 3. Nf3 dxe4 4. Nxe4 Nf6 5. Qe2 Bf5 6. d3 e6 7. Bd2 Nbd7 8.
O-O-O Qc7 9. g3 O-O-O 10. Kb1 Nd5 11. Nh4 Qb6 12. Nxf5 exf5 13. Nc3 Ba3 14. b3
Qd4 15. Na4 b5 16. c3 Qf6 17. Nb2 Rhe8 18. Qf3 Nxc3+ 19. Kc2 Bxb2 20. Kxb2
Nxd1+ 21. Kc2 Qb2+ 22. Kxd1 Qb1+ 23. Bc1 Re6 24. d4 Ne5 25. Qc3 Qe4 0-1

[Event "LLHH 1920 SK Weisse Dame - FC St. Pauli"]
[Site "?"]
[Date "2021.08.21"]
[Round "8.3"]
[White "Priebe, Jan"]
[Black "Schiele, Lars"]
[Result "1-0"]
[WhiteElo "2185"]
[BlackElo "2066"]
[PlyCount "147"]
[EventDate "2021.??.??"]

1. e4 e5 2. Nf3 Nc6 3. Bb5 a6 4. Ba4 Nf6 5. d3 d6 6. a3 g6 7. Nc3 Bg7 8. h3 O-O
9. Bg5 h6 10. Bh4 Be6 11. Qd2 g5 12. Bg3 Nh5 13. Bxc6 bxc6 14. d4 Nxg3 15. fxg3
exd4 16. Nxd4 Bd7 17. O-O-O Be5 18. h4 Bxg3 19. Nde2 Be5 20. hxg5 Qxg5 21. Rxh6
Qxd2+ 22. Kxd2 f5 23. b3 fxe4 24. Nxe4 Rf4 25. Ng5 Rg4 26. Nf3 Bg7 27. Rh2 Bf5
28. Rf1 Re8 29. Nc1 Re6 30. Nd3 Rh6 31. Nde1 Rxh2 32. Nxh2 Rd4+ 33. Nd3 Rd5 34.
Nf3 Bh6+ 35. Ke2 Bg4 36. Rh1 Bg7 37. Rh4 Bf5 38. Rc4 Bd7 39. g4 c5 40. Nf4 Rd4
41. Nxd4 Bxd4 42. c3 Bxg4+ 43. Kd2 Bg7 44. Ra4 Bc8 45. Nd5 Kf7 46. Nxc7 Ke7 47.
Re4+ Kd7 48. Nd5 Bh6+ 49. Kd3 Kd8 50. Rh4 Bf5+ 51. Kc4 Bg7 52. b4 cxb4 53. cxb4
Be5 54. a4 Bb1 55. Nc3 Bf5 56. Rh5 Bg6 57. Rg5 Bf7+ 58. Nd5 Kc8 59. Rf5 Be6 60.
Rf8+ Kb7 61. Re8 Bf5 62. Re7+ Kb8 63. b5 Bb1 64. Nc7 Ba2+ 65. Kb4 axb5 66. axb5
Bb1 67. Ka5 Be4 68. Na6+ Ka8 69. Re8+ Ka7 70. b6+ Kb7 71. Re7+ Kc6 72. Nb4+ Kc5
73. Rc7+ Kd4 74. b7 1-0

[Event "LLHH 1920 SK Weisse Dame - FC St. Pauli"]
[Site "?"]
[Date "2021.08.21"]
[Round "8.4"]
[White "Lansky, Georg"]
[Black "Richter, Maik"]
[Result "0-1"]
[WhiteElo "2001"]
[BlackElo "2159"]
[PlyCount "62"]
[EventDate "2021.??.??"]

1. e4 c6 2. d4 d5 3. Nc3 dxe4 4. Nxe4 Nf6 5. Nxf6+ exf6 6. c3 Bd6 7. Bd3 O-O 8.
Ne2 Re8 9. Qc2 h5 10. Be3 Nd7 11. O-O-O Nf8 12. Ng3 g6 13. Ne4 Bc7 14. Rde1 Ne6
15. Kb1 b6 16. h4 a5 17. f3 f5 18. Bg5 Nxg5 19. Nxg5 Rxe1+ 20. Rxe1 Bg3 21. Qb3
Ra7 22. Re2 a4 23. Qc4 Ba6 24. Qxa6 Rxa6 25. Bxa6 Bxh4 26. Nh3 b5 27. Nf4 Qa8
28. d5 Qxa6 29. Re8+ Kg7 30. d6 c5 31. g3 Qxd6 0-1

[Event "LLHH 1920 SK Weisse Dame - FC St. Pauli"]
[Site "?"]
[Date "2021.08.21"]
[Round "8.5"]
[White "Mitscherling, Andreas"]
[Black "Ludwig, Jan"]
[Result "0-1"]
[WhiteElo "2185"]
[BlackElo "2034"]
[PlyCount "68"]
[EventDate "2021.??.??"]

1. d4 e6 2. e4 d5 3. Nc3 dxe4 4. Nxe4 Nd7 5. Nf3 Ngf6 6. Bd3 Nxe4 7. Bxe4 Nf6
8. Bd3 c5 9. O-O Qc7 10. Bg5 Be7 11. Qe2 O-O 12. Rfe1 Rd8 13. dxc5 Qxc5 14. Ne5
Rb8 15. Qf3 Rd5 16. Qg3 Ra8 17. Rad1 Nh5 18. Bxe7 Qxe7 19. Qf3 Nf6 20. Bc4 Rxd1
21. Rxd1 Qc7 22. c3 h6 23. a3 Qxe5 24. Rd8+ Kh7 25. Bd3+ g6 26. h4 Kg7 27. g3
Qc7 28. Rd4 e5 29. Rc4 Qe7 30. Rb4 Rb8 31. Bc4 Be6 32. Qe3 Bxc4 33. Rxc4 b6 34.
Rc6 Rd8 0-1

[Event "LLHH 1920 SK Weisse Dame - FC St. Pauli"]
[Site "?"]
[Date "2021.08.21"]
[Round "8.6"]
[White "Kuhle, Sebastian"]
[Black "Reuber, Artur"]
[Result "1-0"]
[WhiteElo "2016"]
[BlackElo "2162"]
[PlyCount "97"]
[EventDate "2021.??.??"]

1. c4 f5 2. Nc3 Nf6 3. g3 g6 4. Bg2 Bg7 5. d3 d6 6. e4 fxe4 7. Nxe4 Nxe4 8.
Bxe4 Nd7 9. Ne2 O-O 10. O-O c6 11. Bg2 a5 12. Nc3 e5 13. Ne4 Nf6 14. Bg5 Bf5
15. Qd2 Qc7 16. Bxf6 Bxf6 17. Nxf6+ Rxf6 18. d4 Qb6 19. c5 dxc5 20. dxe5 Re6
21. f4 Bd3 22. Rfd1 c4+ 23. Qf2 Qb4 24. Rac1 a4 25. Qd4 Qf8 26. Bf1 Bxf1 27.
Rxf1 b5 28. Rcd1 Rae8 29. a3 Qe7 30. h4 Qf8 31. Rd2 Qf5 32. Kg2 Rf8 33. Re1 Qg4
34. Qe4 Rfe8 35. Red1 Rxe5 36. Qxe5 Rxe5 37. fxe5 Qe4+ 38. Kf2 Qxe5 39. Re2
Qf6+ 40. Kg2 Kg7 41. Rd7+ Kh6 42. Ree7 Kh5 43. Rxh7+ Kg4 44. Rdf7 Qxb2+ 45. Rf2
c3 46. Rhf7 Qxf2+ 47. Rxf2 c5 48. Rf3 c2 49. Rc3 1-0

[Event "LLHH 1920 SK Weisse Dame - FC St. Pauli"]
[Site "?"]
[Date "2021.08.21"]
[Round "8.7"]
[White "Kohtz, Andreas"]
[Black "Purniel Umpierre, Christian"]
[Result "1/2-1/2"]
[WhiteElo "1990"]
[BlackElo "1998"]
[PlyCount "36"]
[EventDate "2021.??.??"]

1. d4 e6 2. Bf4 f5 3. e3 Nf6 4. Nf3 b6 5. Be2 Bb7 6. O-O Be7 7. h3 O-O 8. c4
Ne4 9. Nc3 d6 10. Qc2 Nd7 11. Rfd1 h6 12. Nd2 Nxd2 13. Rxd2 Nf6 14. Qd1 Ne4 15.
Nxe4 Bxe4 16. c5 Bd5 17. cxd6 Bxd6 18. Bxd6 cxd6 1/2-1/2

[Event "LLHH 1920 SK Weisse Dame - FC St. Pauli"]
[Site "?"]
[Date "2021.08.21"]
[Round "8.8"]
[White "Parnitzke, Lennert"]
[Black "Welsh, Michael"]
[Result "0-1"]
[WhiteElo "1791"]
[BlackElo "1973"]
[PlyCount "50"]
[EventDate "2021.??.??"]

1. d4 Nf6 2. Bg5 Ne4 3. h4 d5 4. Nd2 Bf5 5. Nxe4 Bxe4 6. e3 h6 7. Bf4 e6 8. f3
Bh7 9. Bd3 Bxd3 10. Qxd3 Nc6 11. c3 Bd6 12. Ne2 Bxf4 13. Nxf4 Qd6 14. h5 O-O-O
15. O-O-O Rhe8 16. Qh7 e5 17. dxe5 Qxe5 18. Rhe1 Ne7 19. Qc2 Nf5 20. Nd3 Qf6
21. Qf2 Qg5 22. f4 Qg3 23. Qxg3 Nxg3 24. Nf2 Nxh5 25. Rd3 Nxf4 0-1

[Event "LLHH 1920 SK Marmstorf - FC St. Pauli I"]
[Site "?"]
[Date "2021.08.21"]
[Round "8.1"]
[White "Kahlert, Thomas"]
[Black "Hawellek, Jeronimo"]
[Result "1/2-1/2"]
[WhiteElo "2155"]
[BlackElo "2258"]
[PlyCount "42"]
[EventDate "2021.??.??"]

1. c4 Nf6 2. Nc3 e6 3. e4 d5 4. e5 d4 5. exf6 dxc3 6. bxc3 Qxf6 7. d4 e5 8. Nf3
Nc6 9. Be2 exd4 10. cxd4 Bb4+ 11. Bd2 Bxd2+ 12. Qxd2 O-O 13. O-O Bg4 14. Rfd1
Rad8 15. d5 Bxf3 16. Bxf3 Ne5 17. Be2 Nd7 18. a4 Nc5 19. Ra3 Rfe8 20. Bf3 g6
21. h3 Re7 1/2-1/2

[Event "LLHH 1920 SK Marmstorf - FC St. Pauli I"]
[Site "?"]
[Date "2021.08.21"]
[Round "8.2"]
[White "Ramme, Christoph"]
[Black "Breyther, Ruediger"]
[Result "0-1"]
[WhiteElo "2140"]
[BlackElo "2245"]
[PlyCount "46"]
[EventDate "2021.??.??"]

1. d4 Nf6 2. c4 e6 3. g3 d5 4. Nf3 Bb4+ 5. Nbd2 O-O 6. Bg2 c5 7. dxc5 Bxc5 8.
O-O Nc6 9. cxd5 exd5 10. Nb3 Bb6 11. Nbd4 Re8 12. e3 Bg4 13. b3 Nxd4 14. exd4
Ne4 15. Qd3 Rc8 16. Bb2 Qf6 17. Ne5 Rxe5 18. dxe5 Bxf2+ 19. Kh1 Qg6 20. Qxe4
dxe4 21. Rxf2 e3 22. Rf4 Qc2 23. Bd4 e2 0-1

[Event "LLHH 1920 SK Marmstorf - FC St. Pauli I"]
[Site "?"]
[Date "2021.08.21"]
[Round "8.3"]
[White "Thomaschke, Dirk"]
[Black "Mueller, Jan-Hendrik"]
[Result "1-0"]
[WhiteElo "2160"]
[BlackElo "2123"]
[PlyCount "81"]
[EventDate "2021.??.??"]

1. e4 e5 2. Nf3 Nc6 3. Bb5 a6 4. Ba4 Nf6 5. O-O Be7 6. Re1 b5 7. Bb3 d6 8. c3
O-O 9. h3 Nb8 10. d4 Nbd7 11. Nbd2 Bb7 12. Bc2 c5 13. d5 c4 14. b3 cxb3 15.
axb3 Qc7 16. Bb2 Rfb8 17. Ra2 Bc8 18. Qe2 Nb6 19. Rea1 Nfd7 20. b4 Bd8 21. Bb3
Bb7 22. c4 Nxc4 23. Bxc4 bxc4 24. Nxc4 Nb6 25. Na5 Nxd5 26. exd5 Bxd5 27. Ra4
Rb5 28. Qd1 f5 29. Rc1 Qf7 30. Bc3 g5 31. Ra3 h5 32. Be1 g4 33. Nh2 Bb6 34.
Rac3 Kh7 35. hxg4 fxg4 36. Rg3 Rxb4 37. Bxb4 Qxf2+ 38. Kh1 Qxg3 39. Qxd5 Rf8
40. Qe4+ Kh6 41. Bd2+ 1-0

[Event "LLHH 1920 SK Marmstorf - FC St. Pauli I"]
[Site "?"]
[Date "2021.08.21"]
[Round "8.4"]
[White "Diekmann, Jens"]
[Black "Wronn, Bernd"]
[Result "1/2-1/2"]
[WhiteElo "2074"]
[BlackElo "2167"]
[PlyCount "73"]
[EventDate "2021.??.??"]

1. c4 c5 2. Nc3 g6 3. g3 Bg7 4. Bg2 Nf6 5. e4 Nc6 6. Nge2 O-O 7. O-O d6 8. d3
Bd7 9. h3 a6 10. Be3 Rb8 11. a4 Ne8 12. d4 cxd4 13. Nxd4 Nc7 14. Nxc6 bxc6 15.
Qc2 Qc8 16. Kh2 Qb7 17. Rfb1 Qb3 18. Qd3 Be6 19. Bf1 Rfd8 20. Ra3 Qb4 21. a5 d5
22. cxd5 cxd5 23. Bb6 dxe4 24. Qxe4 Bxc3 25. Qxb4 Bxb4 26. Bxc7 Bxa3 27. Bxd8
Bc5 28. b4 Bxf2 29. Bxe7 Rc8 30. Rb2 Bd4 31. Rd2 Bc3 32. Rd8+ Rxd8 33. Bxd8 Bc8
34. Be7 Kg7 35. Bc4 g5 36. b5 Bxa5 37. Bxg5 1/2-1/2

[Event "LLHH 1920 SK Marmstorf - FC St. Pauli I"]
[Site "?"]
[Date "2021.08.21"]
[Round "8.5"]
[White "Kluth, Carsten"]
[Black "Peschke, Matthias"]
[Result "1-0"]
[WhiteElo "2118"]
[BlackElo "2027"]
[PlyCount "39"]
[EventDate "2021.??.??"]

1. Nf3 Nf6 2. c4 d5 3. cxd5 Nxd5 4. g3 Nc6 5. Bg2 Bg4 6. Nc3 Nb6 7. h3 Bh5 8.
d3 e6 9. O-O Be7 10. a3 a5 11. Be3 Nd5 12. Nxd5 exd5 13. Nd4 Nxd4 14. Bxd4 Bf6
15. Bxf6 Qxf6 16. Bxd5 O-O-O 17. Bg2 Rhe8 18. Re1 Qe6 19. Qa4 Bxe2 20. Bf1 1-0

[Event "LLHH 1920 SK Marmstorf - FC St. Pauli I"]
[Site "?"]
[Date "2021.08.21"]
[Round "8.6"]
[White "Anderberg, Peter"]
[Black "David, Torsten"]
[Result "1/2-1/2"]
[WhiteElo "2006"]
[BlackElo "2073"]
[PlyCount "55"]
[EventDate "2021.??.??"]

1. d4 Nf6 2. c4 e6 3. Nc3 Bb4 4. Qc2 c5 5. dxc5 Na6 6. a3 Bxc3+ 7. Qxc3 Nxc5 8.
f3 d5 9. cxd5 b6 10. b4 Na4 11. Qb3 b5 12. e4 a6 13. Bg5 h6 14. Bh4 exd5 15.
Rd1 O-O 16. Rxd5 Be6 17. Rxd8 Bxb3 18. Rd6 Rfd8 19. Rxd8+ Rxd8 20. Ne2 Rd1+ 21.
Kf2 Ra1 22. g4 Bc4 23. Bxf6 gxf6 24. Nd4 Ra2+ 25. Kg3 Ra1 26. Kf2 Ra2+ 27. Kg3
Ra1 28. Kf2 1/2-1/2

[Event "LLHH 1920 SK Marmstorf - FC St. Pauli I"]
[Site "?"]
[Date "2021.08.21"]
[Round "8.7"]
[White "Mueller, Frank"]
[Black "Herlan, Klaus-Juergen"]
[Result "0-1"]
[WhiteElo "2085"]
[BlackElo "2006"]
[PlyCount "94"]
[EventDate "2021.??.??"]

1. f4 d5 2. e3 g6 3. Nf3 Bg7 4. d4 Nf6 5. Bd3 O-O 6. O-O c5 7. c3 Nbd7 8. Nbd2
b6 9. Ne5 Bb7 10. Qf3 e6 11. g4 Qc7 12. g5 Ne8 13. Qh3 Nd6 14. Ndf3 Nf5 15. Ng4
a6 16. Bd2 b5 17. a3 Rac8 18. Nfe5 f6 19. Nf3 Rce8 20. Rf2 Nd6 21. gxf6 Nxf6
22. Ng5 Nde4 23. Bxe4 dxe4 24. Nxf6+ Bxf6 25. Nxe6 Qc8 26. f5 Rxe6 27. fxe6 Bd5
28. Raf1 Bxe6 29. Qg3 Be7 30. Qe5 Qd7 31. Rxf8+ Bxf8 32. Qxe4 Bd5 33. Qf4 Bd6
34. Qg5 Be7 35. Qf4 Bd6 36. Qh6 Qg4+ 37. Kf2 Be7 38. Rg1 Bh4+ 39. Rg3 Qf3+ 40.
Ke1 Qh1+ 41. Ke2 Qxh2+ 42. Kd3 c4+ 43. Kc2 Be4+ 44. Kd1 Qxg3 45. d5 Qg1+ 46.
Ke2 Bd3+ 47. Kf3 Qg3# 0-1

[Event "LLHH 1920 FC St. Pauli III - Schachfreu"]
[Site "?"]
[Date "2021.08.22"]
[Round "9.1"]
[White "Andersen, Jens Knud"]
[Black "Kahlert, Thomas"]
[Result "1/2-1/2"]
[WhiteElo "2149"]
[BlackElo "2155"]
[PlyCount "76"]
[EventDate "2021.??.??"]

1. b3 e5 2. Bb2 Nc6 3. e3 Nf6 4. Bb5 Bd6 5. Na3 e4 6. Nc4 Be7 7. Bxc6 dxc6 8.
Ne2 Bf5 9. Ng3 Qd5 10. Nxf5 Qxf5 11. Qe2 O-O-O 12. O-O-O Qe6 13. d3 Rd5 14.
dxe4 Nxe4 15. f3 Nf6 16. e4 Rhd8 17. Ne3 Rxd1+ 18. Rxd1 g6 19. Qc4 Rxd1+ 20.
Kxd1 Qxc4 21. Nxc4 Nd7 22. Ke2 b6 23. f4 f6 24. Kf3 Kd8 25. g4 Ke8 26. f5 Bd6
27. fxg6 hxg6 28. h4 Kf7 29. h5 Bh2 30. Bc1 Nf8 31. Kg2 Bd6 32. Nxd6+ cxd6 33.
Bf4 Ke6 34. Bh6 Kf7 35. Bxf8 Kxf8 36. Kf3 Kg7 37. Kf4 Kh6 38. c4 c5 1/2-1/2

[Event "LLHH 1920 FC St. Pauli III - Schachfreu"]
[Site "?"]
[Date "2021.08.22"]
[Round "9.3"]
[White "Paulsen, Tino"]
[Black "Thomaschke, Dirk"]
[Result "0-1"]
[WhiteElo "1810"]
[BlackElo "2160"]
[PlyCount "70"]
[EventDate "2021.??.??"]

1. d4 Nf6 2. c4 e6 3. g3 Be7 4. Bg2 O-O 5. Nf3 b6 6. Ne5 c6 7. O-O d5 8. Nc3
Nfd7 9. cxd5 exd5 10. Nxd5 Nxe5 11. Nxe7+ Qxe7 12. dxe5 Qxe5 13. a4 Bg4 14. a5
b5 15. Bf4 Qe6 16. Qc2 Bh3 17. Rfd1 Bxg2 18. Kxg2 Na6 19. Rd6 Nb4 20. Qc3 Qe4+
21. Kg1 Rfd8 22. Rad1 Rxd6 23. Bxd6 Rd8 24. Rd4 Qb1+ 25. Kg2 Nc2 26. Rg4 Ne1+
27. Kh3 g6 28. Qf6 Rxd6 29. Qxd6 Qf5 30. Qd8+ Kg7 31. Qd4+ Kg8 32. Qf4 Qh5+ 33.
Rh4 Qxe2 34. Qe4 Qf1+ 35. Kg4 f5+ 0-1

[Event "LLHH 1920 FC St. Pauli III - Schachfreu"]
[Site "?"]
[Date "2021.08.22"]
[Round "9.4"]
[White "Wronn, Bernd"]
[Black "Zippert, Georg"]
[Result "1-0"]
[WhiteElo "2167"]
[BlackElo "1846"]
[PlyCount "95"]
[EventDate "2021.??.??"]

1. Nf3 d5 2. c4 e6 3. g3 Nf6 4. Bg2 c5 5. cxd5 exd5 6. d4 Nc6 7. O-O Be7 8.
dxc5 Bxc5 9. Bg5 Be7 10. Nc3 Be6 11. Nd4 Nxd4 12. Qxd4 h6 13. Bf4 Qa5 14. Rfd1
Rd8 15. Rac1 O-O 16. e3 Rd7 17. Be5 Rfd8 18. Bf1 a6 19. Na4 b5 20. Nc5 Bxc5 21.
Rxc5 Ne8 22. Rc3 Rb7 23. Ra3 Qb6 24. Qb4 f6 25. Bd4 Qd6 26. Bc5 Qc6 27. Rc3 Rc8
28. Bg2 Nc7 29. e4 Qd7 30. Bd6 a5 31. Qc5 b4 32. Rcc1 Rb5 33. Qc6 Ne8 34. Qxc8
Qxc8 35. Rxc8 Bxc8 36. Bf4 d4 37. Rxd4 Be6 38. Rd8 Kf7 39. b3 Rc5 40. Ra8 g5
41. Be3 Rb5 42. Bf1 Re5 43. Ra7+ Kg6 44. Bd4 Rxe4 45. Bd3 Bf5 46. Bxe4 Bxe4 47.
Rxa5 Bb1 48. Bc5 1-0

[Event "LLHH 1920 FC St. Pauli II - SK Marmstor"]
[Site "?"]
[Date "2021.08.22"]
[Round "9.1"]
[White "Hawellek, Jeronimo"]
[Black "Trisic, Aleksandar"]
[Result "1-0"]
[WhiteElo "2258"]
[BlackElo "2352"]
[PlyCount "83"]
[EventDate "2021.??.??"]

1. d4 Nf6 2. c4 g6 3. Nc3 Bg7 4. e4 d6 5. h3 O-O 6. Be3 e5 7. d5 Na6 8. Nf3 Nc5
9. Qc2 a5 10. Be2 Nh5 11. g3 f5 12. Bxc5 dxc5 13. Nd2 f4 14. Bxh5 gxh5 15. g4
hxg4 16. hxg4 f3 17. O-O-O Bxg4 18. Rdg1 h5 19. Nd1 Ra6 20. Qb3 a4 21. Qa3 b6
22. Ne3 Rf4 23. Rg3 Kf8 24. Rhg1 Qh4 25. d6 c6 26. b4 cxb4 27. Qxb4 Ke8 28. c5
b5 29. Nd5 Ra7 30. Nc7+ Kd7 31. Nxb5 Rb7 32. Qa5 Rxb5 33. Qc7+ Ke6 34. Qxc6 Rb8
35. Qd5+ Kf6 36. d7 Rd8 37. c6 Kg6 38. c7 Rff8 39. Qc6+ Kh7 40. Rxg4 hxg4 41.
c8=Q Qh2 42. Rxg4 1-0

[Event "LLHH 1920 FC St. Pauli II - SK Marmstor"]
[Site "?"]
[Date "2021.08.22"]
[Round "9.2"]
[White "Perez De Miguel, Alvaro"]
[Black "Ramme, Christoph"]
[Result "1/2-1/2"]
[WhiteElo "2297"]
[BlackElo "2140"]
[PlyCount "61"]
[EventDate "2021.??.??"]

1. d4 Nf6 2. Nf3 d5 3. e3 e6 4. Bd3 b6 5. Nbd2 Bb7 6. c4 Nbd7 7. O-O Bd6 8. Qc2
O-O 9. e4 dxe4 10. Nxe4 Bxe4 11. Bxe4 Nxe4 12. Qxe4 c5 13. Be3 Qe7 14. Rad1
Rfd8 15. Rfe1 Rac8 16. Qg4 Nf6 17. Qh4 Nd7 18. Bg5 f6 19. Bc1 Qf7 20. Qh3 Nf8
21. b3 cxd4 22. Nxd4 Bb4 23. Rf1 Bc5 24. Be3 Rd7 25. Nc2 Rcd8 26. Rxd7 Qxd7 27.
Bxc5 bxc5 28. Qh5 f5 29. Ne3 Qf7 30. Qf3 Rd6 31. Rd1 1/2-1/2